2015-2016 AC Milan Roster - Statistics

General Stats
  • This quiz has been taken 74 times
  • The average score is 17 of 26
Answer Stats
Number Player Position % Correct
99 Gianluigi Donnarumma GK
97%
70 Carlos Bacca ST
85%
20 Ignazio Abate RB
85%
2 Mattia De Sciglio LB
85%
13 Alessio Romagnoli CB
82%
32 Christian Abbiati GK
79%
45 Mario Balotelli ST
79%
18 Riccardo Montolivo CM
79%
28 Giacomo Bonaventura CM/CAM
78%
5 Philippe Mexes CB
74%
96 Davide Calabria RB
72%
10 Keisuke Honda RM
72%
17 Cristian Zapata CB
68%
1 Diego Lopez GK
68%
31 Luca Antonelli LB
66%
9 Luiz Adriano ST
66%
33 Alex CB
65%
19 M'Baye Niang ST
65%
16 Andrea Poli CM
60%
91 Andrea Bertolacci CAM
59%
7 Jeremy Menez ST
54%
72 Kevin-Prince Boateng CAM
50%
27 Juraj Kucka CM
49%
15 Rodrigo Ely CB
32%
4 Jose Mauri CM
31%
25 Stefan Simic RB
10%
No matching quizzes found
Score Distribution
Percent of People with Each Score
Percentile by Number Answered
Your Score History
You have not taken this quiz